| 000 | 00551nam a22001577a 4500 | ||
|---|---|---|---|
| 003 | NUST | ||
| 038 | _aNusrat Nadeem | ||
| 082 | _a200 | ||
| 100 |
_a Bajwa Omer Iqbal _9131634 |
||
| 245 |
_aMACHINE LEARNING BASED ESTIMATION OF DESIGN PARAMETERS IN FIXED-WING UAV CONCEPTUAL DESIGN/ _cOmer Iqbal Bajwa |
||
| 264 |
_aIslamabad: _bCEME NUST. _c2025. |
||
| 690 |
_aPhD-Mechanical Engineering _984150 |
||
| 700 |
_aSupervisor: Asst. Prof. Dr. Hasan Aftab Saeed _973190 |
||
| 856 | _uhttp://10.250.8.41:8080/xmlui/handle/123456789/55411 | ||
| 942 |
_2ddc _cSC |
||
| 999 |
_c615265 _d615265 |
||